000 00613nam a2200193Ia 4500
999 _c4853
_d4853
008 200103s 1982 ||||xx |||||||||||||| ||und||
020 _a9280111802
082 _a341.75665
_bIMO
110 _aInternational Maritime Organization
245 0 _aAmendments to the international convention for the safety of life at sea, 1974
260 _bInternational Maritime Organization
_c1982
_aLondon
300 _av, 195 p.
650 _aShips - Safety regulations
650 _aMerchant marine - Safety measures
650 _aNavigation
650 _aShipping
650 _aIndustrial safety
942 _cBK